Text book of physics for the pre-professional course, Part-II / (Record no. 240)
[ view plain ]
| 000 -LEADER | |
|---|---|
| fixed length control field | 00598cam a2200241ua 4500 |
| 041 ## - LANGUAGE CODE | |
| Language code of text/sound track or separate title | eng |
| 082 ## - DEWEY DECIMAL CLASSIFICATION NUMBER | |
| Classification number | 530 |
| Item number | OUS/TE |
| 100 ## - MAIN ENTRY--AUTHOR NAME | |
| Personal name | Ouseph, C C. |
| 245 ## - TITLE STATEMENT | |
| Title | Text book of physics for the pre-professional course, Part-II / |
| 260 ## - PUBLICATION, DISTRIBUTION, ETC. (IMPRINT) | |
| Place of publication | Chennai : |
| Name of publisher | S.Viswanathan , |
| Year of publication | 1964. |
| 300 ## - PHYSICAL DESCRIPTION | |
| Number of Pages | 432 ; . |
| 942 ## - ADDED ENTRY ELEMENTS (KOHA) | |
| Koha item type | Books |
| Withdrawn status | Lost status | Damaged status | Home library | Current library | Date acquired | Cost, normal purchase price | Full call number | Accession Number | Koha item type | Public note |
|---|---|---|---|---|---|---|---|---|---|---|
| Withdrawn | KAUAET | KAUAET | 07/04/2012 | 5.00 | 530 OUS/TE | 7281 | Books | |||
| Withdrawn | KAUAET | KAUAET | 07/04/2012 | 4.50 | 530 OUS/TE | 7278 | Books | |||
| Withdrawn | KAUAET | KAUAET | 07/04/2012 | 4.75 | 530 OUS/TE | 7387 | Books | |||
| Withdrawn | KAUAET | KAUAET | 07/04/2012 | 5.00 | 530 OUS/TE | 7272 | Books | |||
| Withdrawn | KAUAET | KAUAET | 07/04/2012 | 5.00 | 530 OUS/TE | 7274 | Books | |||
| Withdrawn | KAUAET | KAUAET | 07/04/2012 | 5.00 | 530 OUS/TE | 7279 | Books | |||
| Withdrawn | KAUAET | Malayalam University | 07/04/2012 | 5.00 | 530 OUS/TE | 7282 | Books | Transferred to Malayalam University |
